UBT Library

Microeconomics / (Record no. 45127)

000 -LEADER
fixed length control field 00729cam a2200253 a 4500
001 - CONTROL NUMBER
control field 15198261
005 - DATE AND TIME OF LATEST TRANSACTION
control field 20180315063030.0
008 - FIXED-LENGTH DATA ELEMENTS--GENERAL INFORMATION
fixed length control field 080228s2009 njua 001 0 eng
010 ## - LIBRARY OF CONGRESS CONTROL NUMBER
LC control number 2008009456
020 ## - INTERNATIONAL STANDARD BOOK NUMBER
International Standard Book Number 9780132080231
020 ## - INTERNATIONAL STANDARD BOOK NUMBER
International Standard Book Number 0132080230
035 ## - SYSTEM CONTROL NUMBER
System control number (OCoLC)ocn212893674
035 ## - SYSTEM CONTROL NUMBER
System control number (OCoLC)212893674
Canceled/invalid control number (OCoLC)182525879
040 ## - CATALOGING SOURCE
Original cataloging agency DLC
Transcribing agency DLC
Modifying agency YDX
-- BTCTA
-- BAKER
-- J2H
-- YDXCP
-- DLC
041 ## - LANGUAGE CODE
Language code of text/sound track or separate title eng
080 ## - UNIVERSAL DECIMAL CLASSIFICATION NUMBER
Universal Decimal Classification number 338.5 PIN
082 00 - DEWEY DECIMAL CLASSIFICATION NUMBER
Classification number 338.5 PIN
Edition number 22
100 1# - Rafti
Rafti 52
101 ## - Shkurtesa
Shkurtesa MIK
245 10 - TITLE STATEMENT
Title Microeconomics /
Statement of responsibility, etc Robert S. Pindyck, Daniel L. Rubinfeld.
906 ## - LOCAL DATA ELEMENT F, LDF (RLIN)
a 7
b cbc
c orignew
d 1
e ecip
f 20
g y-gencatlg
942 ## - ADDED ENTRY ELEMENTS (KOHA)
Source of classification or shelving scheme
Item type Books
Holdings
Withdrawn status Lost status Source of classification or shelving scheme Damaged status Not for loan Collection code Permanent location Current location Shelving location Date acquired Total Checkouts Full call number Barcode Date last seen Price effective from Koha item type
          Koleksioni i përgjithshem UBT - Lipjan UBT - Lipjan Koleksioni i përgjithshem 03/15/2018   338.5 PIN 002-3001717 03/15/2018 03/15/2018 Books
UBT Library © 2015-2024. All rights reserved University Education for Business and Technology